El coronel no tiene quién le escriba / (Registro nro. 8742)

Detalles MARC
000 -LIDER
fixed length control field 00678nam a22002417a 4500
001 - NÚMERO DE CONTROL
Identificador de número de control 0074
003 - IDENTIFICACDOR DE NÚMERO DE CONTROL
control field DO-SdBNP
005 - DATE AND TIME OF LATEST TRANSACTION
control field 20231027130623.0
007 - CAMPOS FIJOS DE DESCRIPCIÓN FÍSICA
fixed length control field 0074
008 - ELEMENTOS DE LONGITUD FIJA
fixed length control field 151117b1982 sp 1982| 00| 0 spa d
020 ## - ISBN
International Standard Book Number 8475300898
040 ## - FUENTE DE CATALOGACIÓN
Agencia que crea de manera original el registro BPMSU
Idioma de catalogación spa
Agencia que realiza la transcripción BPMSU
082 #4 - NÚMERO DE CLASIFICACIÓN DECIMAL DE DEWEY
Classification number Co863.44
Item number G216c 1982
Edition number 22
100 1# - ASIENTO PRINCIPAL -- NOMBRE PERSONAL
Nombre personal García Márquez, Gabriel
Fechas asociadas con el nombre 1927-2014
245 13 - MENCIÓN DE TITULO
Título El coronel no tiene quién le escriba /
Mención de responsabilidad Gabriel García Márquez
260 ## - PUBLICACIÓN, DISTRIBUCIÓN, ETC. (PIE DE IMPRENTA)
Lugar de publicación, distribución, etc Barcelona :
Nombre del editor, distribuidor, etc. Orbis,
Fecha de publicación, distribución, etc 1982.
300 ## - DESCRIPCIÓN FÍSICA
Extensión 153 p. :
Dimensiones 20 cm.
586 ## - AWARDS NOTE
Awards note Premio Nobel 1982
590 ## - NOTA LOCAL
Texto de la nota local Inventariado, 2023/VM
650 #4 - ENCABEZAMIENTO DE MATERIA--TEMÁTICO
Término temático o nombre geográfico como elemento de entrada Novela colombiana.
910 ## - VALIDACIÓN
Validación VMateo V. Control de calidad. BPMSU
942 ## - ADDED ENTRY ELEMENTS (KOHA)
Source of classification or shelving scheme Dewey Decimal Classification
Koha item type Libros
Existencias
Withdrawn status Lost status Source of classification or shelving scheme Damaged status Not for loan Collection code Home library Current library Date acquired Source of acquisition Total Checkouts Full call number Barcode Date last seen Price effective from Koha item type
    Dewey Decimal Classification     Colección General Biblioteca Pública Metropolitana Salomé Ureña Biblioteca Pública Metropolitana Salomé Ureña 11/17/2015 FUNDI   BPMSU CG Co863.44 G216c 1982 BPMSU15110305 11/17/2015 11/17/2015 Libros